Statistics for Scrabble Vowel Dumps

Click here to take the quiz!

General Stats

  • This quiz has been taken 275 times
  • The average score is 10 of 89

Answer Stats

Answer% Correct
aa
83%
ai
83%
ae
82%
oi
69%
oe
63%
eau
36%
area
30%
ease
22%
eerie
22%
beau
20%
aria
19%
aura
17%
aloe
16%
ooze
16%
alee
15%
idea
14%
lieu
13%
aerie
12%
olio
12%
adieu
11%
aero
11%
aide
11%
aqua
11%
oboe
11%
queue
11%
urea
11%
asea
10%
eaux
10%
luau
10%
agee
9%
ague
9%
aioli
9%
amie
9%
epee
9%
oleo
9%
ouzo
9%
aeon
8%
alae
8%
audio
7%
ilia
7%
ajee
6%
aurae
6%
iota
6%
louie
6%
ogee
6%
roue
6%
agio
5%
amia
5%
auto
5%
awee
5%
ciao
5%
eave
5%
ilea
5%
quai
5%
uvea
5%
zoea
5%
akee
4%
anoa
4%
aquae
4%
etui
4%
euro
4%
ixia
4%
looie
4%
naoi
4%
odea
4%
olea
4%
unau
4%
zoeae
4%
aalii
3%
cooee
3%
eide
3%
inia
3%
jiao
3%
moue
3%
ohia
3%
toea
3%
unai
3%
aecia
2%
areae
2%
aurei
2%
emeu
2%
meou
2%
miaou
2%
obia
2%
oorie
2%
ourie
2%
oidia
1%
raia
1%
uraei
1%

Score Distribution

Percentile by Number Answered

Percent of People with Each Score

Your Score History

You have not taken this quiz